<?xml version="1.0" encoding="UTF-8"?>
<record
    xmlns:xsi="http://www.w3.org/2001/XMLSchema-instance"
    xsi:schemaLocation="http://www.loc.gov/MARC21/slim http://www.loc.gov/standards/marcxml/schema/MARC21slim.xsd"
    xmlns="http://www.loc.gov/MARC21/slim">

  <leader>01448nam a2200253 a 4500</leader>
  <controlfield tag="001">BRCA_8724</controlfield>
  <controlfield tag="005">20190320210359.0</controlfield>
  <controlfield tag="008">150217s1741----sp-#######---#000-0#spa-#</controlfield>
  <datafield tag="041" ind1=" " ind2=" ">
    <subfield code="a">spa</subfield>
  </datafield>
  <datafield tag="044" ind1=" " ind2=" ">
    <subfield code="a">sp</subfield>
  </datafield>
  <datafield tag="084" ind1=" " ind2=" ">
    <subfield code="a">BE68</subfield>
    <subfield code="b">.B66 1741</subfield>
  </datafield>
  <datafield tag="100" ind1="1" ind2=" ">
    <subfield code="a">Bono y Casa, Francisco</subfield>
    <subfield code="9">21721</subfield>
  </datafield>
  <datafield tag="245" ind1="1" ind2="0">
    <subfield code="a">Quaresma entera, que contiene los sermones de todas las Dominicanas, y Ferias de Quaresma</subfield>
    <subfield code="b">obra util&#xED;ssima a todos los curas, misioneros y predicadores Evangelicos, para extirpar los vicios, y plantar las virtudes</subfield>
    <subfield code="c">su autor el muy R.P.M. Francisco Bono, de la Compa&#xF1;&#xED;a de Jes&#xFA;s, Cathedratico que fue Prima en su Colegio de San Pablo, Provincial de los Reynos de Arag&#xF3;n, Examinador Synodal de este Arzobispado Calificador del S. Oficio.</subfield>
  </datafield>
  <datafield tag="260" ind1=" " ind2=" ">
    <subfield code="a">Valencia</subfield>
    <subfield code="b">Por Joseph Estevan Dolz</subfield>
    <subfield code="c">1741</subfield>
  </datafield>
  <datafield tag="300" ind1=" " ind2=" ">
    <subfield code="a">[2], [5], 589 p. (t.2)</subfield>
    <subfield code="c">20.5 x 15 cm</subfield>
  </datafield>
  <datafield tag="500" ind1=" " ind2=" ">
    <subfield code="a">En portada: obra posthuma que se dedica al muy IL.E Sr. Don Pedro Antonio de Arenaza y Garate, Oficial, Vicario General, y Gobernador que fue de este Arzobispado, Inquisidor Fiscal de la Inquisici&#xF3;n del Reyno de Valencia &amp;c.</subfield>
  </datafield>
  <datafield tag="500" ind1=" " ind2=" ">
    <subfield code="a">Estado f&#xED;sico: presenta lomo desprendido, algunas hojas incompletas, cintas rotas y presencia del pez de plata</subfield>
  </datafield>
  <datafield tag="650" ind1="1" ind2="4">
    <subfield code="a">Sermones de cuaresma</subfield>
    <subfield code="9">21531</subfield>
  </datafield>
  <datafield tag="650" ind1="1" ind2="4">
    <subfield code="a">Cuaresma</subfield>
    <subfield code="x">Sermones</subfield>
    <subfield code="9">21287</subfield>
  </datafield>
  <datafield tag="650" ind1="1" ind2="4">
    <subfield code="a">Iglesia cat&#xF3;lica</subfield>
    <subfield code="x">Sermones</subfield>
    <subfield code="9">21286</subfield>
  </datafield>
  <datafield tag="700" ind1="1" ind2=" ">
    <subfield code="a">Arenaza y Garate, Pedro Antonio de</subfield>
    <subfield code="9">21722</subfield>
  </datafield>
  <datafield tag="902" ind1=" " ind2=" ">
    <subfield code="a">CFM</subfield>
  </datafield>
  <datafield tag="942" ind1=" " ind2=" ">
    <subfield code="2">lcc</subfield>
    <subfield code="c">B</subfield>
  </datafield>
  <datafield tag="999" ind1=" " ind2=" ">
    <subfield code="c">8376</subfield>
    <subfield code="d">8376</subfield>
  </datafield>
  <datafield tag="952" ind1=" " ind2=" ">
    <subfield code="0">0</subfield>
    <subfield code="1">0</subfield>
    <subfield code="4">0</subfield>
    <subfield code="7">0</subfield>
    <subfield code="a">BRCA</subfield>
    <subfield code="b">BRCA</subfield>
    <subfield code="d">2017-02-15</subfield>
    <subfield code="l">0</subfield>
    <subfield code="o">BE68 .B66 1741</subfield>
    <subfield code="p">CFM00060</subfield>
    <subfield code="r">2019-03-22 00:00:00</subfield>
    <subfield code="w">2019-03-22</subfield>
    <subfield code="y">B</subfield>
  </datafield>
</record>
